Journal of international business education

Detalles Bibliográficos
Formato: Electrónico Revista
Lenguaje:inglés
Publicado: Edinburgh, Scotland : NeilsonJournals Publishing
Materias:
Acceso en línea:Full text available from Research Library: 01/01/2009 to 01/31/2011

MARC

LEADER 00000nas a2200000 i 4500
001 ssj0001073585
003 WaSeSS
005 20200512172242.0
006 m d
007 cr n
008 131220u20uuuuuustka| p|s|||||| |0eng d
022 |a 2044-4575  |l 1649-4946 
035 |a (WaSeSS)ssj0001073585 
040 |a WaSeSS  |b eng  |c WaSeSS  |d WaSeSS 
050 1 4 |a HD62.4 
222 0 |a Journal of international business education  |b (Online) 
245 0 0 |a Journal of international business education  |h [electronic resource]. 
260 |a Edinburgh, Scotland :  |b NeilsonJournals Publishing 
310 |a Annual 
506 |a License restrictions may limit access. 
588 |a Description based on: Volume 4 (2009); title from article pdf (ProQuest, viewed Dec. 20, 2013). 
588 |a Latest issue consulted: Volume 6 (2011) (viewed Dec. 20, 2013). 
650 0 |a International business enterprises  |x Study and teaching  |v Periodicals. 
650 0 |a Business education  |v Periodicals. 
655 0 |a Electronic journals. 
776 0 8 |i Print version:  |t Journal of international business education  |x 1649-4946 
856 4 0 |z Full text available from Research Library: 01/01/2009 to 01/31/2011  |u https://search.proquest.com/publication/307109